00618nam a2200205Ia 4500003000400000005001700004008004100021020001800062040000700080041000800087082001500095100002700110245003100137260004800168300000900216650002000225942001300245999001900258952013500277OSt20250804143901.0250729s2005 xx 000 0 und d a9788171414116 cAL aeng a420.7 MUKL aMukalel Joseph9220848 aLinguistic for the teacher aNew DelhibDiscovery Publishing Housec2005 a234p aEnglish9220849 2ddccBED c234755d234755 001040708BEDaALbALd2025-07-29eSita Book Houseg150.00l0o420.7 MUKLpBED00074r2025-07-29 16:53:26v150.00w2025-07-29yBK